000 00372nam a2200145Ia 4500
008 230312s9999||||xx |||||||||||||| ||und||
020 _a9780789755643
082 _a005.54
_bMCF-E
100 _aSeries,Cashman,Shelly
245 0 _aMicrosoft Office 2010 : advanced
260 _bPearson
_aUSA
_c2016
300 _a508
650 _aComputer
_vElectronic books
942 _cBK
999 _c17486
_d17486